00234nam a2200109Ia 4500650001500000366000700015245003900022260002000061082001200081300000800093546002300101 aDictionary f20 aCambridge phrasal verbs dictionary bCambridgec2006 a25bOXF a411 aENGLISHcComputers